The Constitution and its amendments (Record no. 425330)

MARC details
000 -LEADER
fixed length control field 00626nam a2200205Ia 4500
008 - FIXED-LENGTH DATA ELEMENTS--GENERAL INFORMATION
fixed length control field 191130s1999##################000#0#eng##
020 ## - INTERNATIONAL STANDARD BOOK NUMBER
ISBN 9780028648545
082 ## - DEWEY DECIMAL CLASSIFICATION NUMBER
Classification number 342.7303 NEW.1
245 ## - TITLE STATEMENT
Title The Constitution and its amendments
Statement of responsibility, etc Roger K. Newman, editor in chief
260 ## - PUBLICATION, DISTRIBUTION, ETC. (IMPRINT)
Place of publication New York
Name of publisher Macmillan Reference USA
Year of publication c1999
300 ## - PHYSICAL DESCRIPTION
Number of Pages 1 v. : ill. ; 29 cm
500 ## - GENERAL NOTE
General note Includes index
650 ## - SUBJECT ADDED ENTRY--TOPICAL TERM
Topical Term Constitutional amendments - United States - History
700 ## - ADDED ENTRY--PERSONAL NAME
Personal name Newman, Roger K
991 ## -
-- 286971

No items available.

Find us on the map